ASME 2019 Gas Turbine India Conference: Volume 2: Combustion, Fuels, and Emissions; Renewable Energy: Solar and Wind; Inlets and Exhausts; Emerging Technologies: Hybrid Electric Propulsion and Alternate Power Generation; GT Operation and Maintenance; Materials and Manufacturing (Including Coatings, Composites, CMCs, Additive Manufacturing); Analytics and Digital Solutions for Gas Turbines/Rotating Machinery

Detalles Bibliográficos
Formato: Electrónico Revista
Idioma:English
Publicado: ASME
Acceso en liña:Full text available on ASME[2019-2019
Off-campus access
LEADER 01321cas a2200181 a 4500
001 AALConferenceProceedingsASME000149
008 230101c9999 xx r poo 0 0eng d
020 |a 978-0-7918-8353-2 
040 |a BD-DhAAL  |c BD-DhAAL 
245 0 0 |h [electronic resource]  |a ASME 2019 Gas Turbine India Conference: Volume 2: Combustion, Fuels, and Emissions; Renewable Energy: Solar and Wind; Inlets and Exhausts; Emerging Technologies: Hybrid Electric Propulsion and Alternate Power Generation; GT Operation and Maintenance; Materials and Manufacturing (Including Coatings, Composites, CMCs, Additive Manufacturing); Analytics and Digital Solutions for Gas Turbines/Rotating Machinery 
260 |b ASME 
300 |a 1 online resource 
500 |a <strong>Off-Campus Access:</strong> Athens ID and Password Required 
500 |a <strong>On-Campus Access:</strong> No User ID or Password Required 
506 |a Electronic access restricted to authorized BRAC University faculty, staff and students 
538 |a Mode of access: Internet 
856 4 0 |z Full text available on ASME[2019-2019  |u https://www.asmedigitalcollection.asme.org/GTINDIA/GTINDIA2019/volume/83532 
856 4 0 |z Off-campus access  |u https://go.openathens.net/redirector/bracu.ac.bd?url=https%3A%2F%2Fwww.asmedigitalcollection.asme.org%2FGTINDIA%2FGTINDIA2019%2Fvolume%2F83532